000 00653cam a22002531 4500
001 sa 68014864
003 DLC
005 20260227112636.0
008 890807s1968 ii b 000 0 hino
010 _asa 68014864
035 _a(OCoLC)20136193
040 _aDLC
_cWaU
_dDLC
042 _apremarc
043 _aa-ii---
050 0 0 _aGR305.5.R3
_bS42
100 1 _aŚarmā, Kr̥shṇakumāra.
245 1 0 _aRājasthānī lokagāthāem̐.
260 _c[1968]
300 _a100 p.
_c22 cm.
500 _aIn Hindi.
500 _aBibliographical footnotes.
650 0 _aFolklore
_zIndia
_zRajasthan.
700 1 _aBhānāvata, Mahendra,
_d1937-
999 _c86071
_d86071